000 00577nam a22001937a 4500
005 20251108175314.0
008 250721s2015 xx 000 0 ara d
082 1 4 _a515/كرخ
100 1 _aالكرخي، مجيد
245 1 0 _aالتحليل الكمي الاقتصادي - العلاقات الخطية /
264 1 _aعمان :
_bدار المناهج،
_c2015.
300 _a287ص.
650 1 7 _aالتحليل الكمي
650 1 7 _aحساب التكامل
650 1 7 _aالاقتصاد
650 1 7 _aالتفاضل
942 _2ddc
_cBK
999 _c131030
_d131030